| 000 | 01092nac a22002531u 4500 | ||
|---|---|---|---|
| 010 | _a 2001055949 | ||
| 020 | _a047149691X : | ||
| 082 | 0 | 0 |
_a006.3 _bWOO |
| 090 |
_c8756 _d8756 |
||
| 100 | _aWooldridge, Michael J. | ||
| 245 | 1 | 3 |
_aAn introduction to multiagent systems / _cMichael Wooldridge. |
| 260 |
_aNew York : _bJ. Wiley,2002 _cc2002. |
||
| 300 |
_axviii, 348 p. : _bill. ; _c24 cm. |
||
| 500 | _aDistributer: Bacca | ||
| 504 | _aIncludes bibliographical references (p. [319]-342) and index. | ||
| 511 | _aCatalogued by: Sara | ||
| 650 | 0 | _aIntelligent agents (Computer software) | |
| 650 | 0 | _aArtificial intelligence | |
| 856 | 4 | 2 |
_3Contributor biographical information _uhttp://www.loc.gov/catdir/bios/wiley042/2001055949.html |
| 856 | 4 | 2 |
_3Publisher description _uhttp://www.loc.gov/catdir/description/wiley035/2001055949.html |
| 856 | 4 | 2 |
_3Table of contents _uhttp://www.loc.gov/catdir/toc/wiley021/2001055949.html |
| 942 |
_cBB _k006.3WOO |
||
| 999 |
_c8756 _d8756 |
||